| 000 | 01030cam a22003015a 4500 | ||
|---|---|---|---|
| 005 | 20161213120743.0 | ||
| 008 | 161213t2013 nyua frb 001 0 eng d | ||
| 020 | _a9780071812924 | ||
| 020 | _a007181292X | ||
| 040 |
_aEG-ScBUE _beng _cEG-ScBUE _dEG-ScBUE |
||
| 082 | 0 | 4 |
_222 _a616.01 _bJAW |
| 245 | 0 | 0 |
_aJawetz, Melnick, & Adelberg's medical microbiology / _c[edited by] Geo F. Brooks ... [et al.] |
| 246 | 3 | 0 | _aMicrobiology |
| 246 | 3 | 0 | _aJawetz, Melnick, and Adelberg’s medical microbiology |
| 246 | 3 | 0 | _aMedical microbiology |
| 250 | _a26th ed. | ||
| 260 |
_aNew York : _bMcGraw-Hill Education LLC, _cc.2013. |
||
| 300 |
_axi, 864 p. : _bill. ; _c28 cm. |
||
| 490 | 0 | _aMcGraw-Hill's AccessMedicine | |
| 490 | 0 | _aLange medical book | |
| 504 | _aIncludes bibliographical references and indexes. | ||
| 650 | 7 |
_aMedical microbiology. _2BUEsh _912324 |
|
| 650 | 7 |
_aDiagnostic microbiology. _2BUEsh _939595 |
|
| 651 | _2BUEsh | ||
| 653 |
_bPPhrm _cDecember2016 |
||
| 700 | 1 |
_aBrooks, George F., _eeditor. |
|
| 942 | _2ddc | ||
| 999 |
_c23555 _d23527 |
||